<?xml version="1.0" encoding="UTF-8"?>
<record
    xmlns:xsi="http://www.w3.org/2001/XMLSchema-instance"
    xsi:schemaLocation="http://www.loc.gov/MARC21/slim http://www.loc.gov/standards/marcxml/schema/MARC21slim.xsd"
    xmlns="http://www.loc.gov/MARC21/slim">

  <leader>     nam a22     7a 4500</leader>
  <datafield tag="999" ind1=" " ind2=" ">
    <subfield code="c">40952</subfield>
    <subfield code="d">40952</subfield>
  </datafield>
  <controlfield tag="003">OSt</controlfield>
  <controlfield tag="005">20180127124116.0</controlfield>
  <controlfield tag="008">180127b        xxu||||| |||| 00| 0 eng d</controlfield>
  <datafield tag="040" ind1=" " ind2=" ">
    <subfield code="c">sero soft</subfield>
  </datafield>
  <datafield tag="100" ind1=" " ind2=" ">
    <subfield code="a">Goel.Hemant Kumar</subfield>
  </datafield>
  <datafield tag="245" ind1=" " ind2=" ">
    <subfield code="a">Teaching of Computer Science</subfield>
  </datafield>
  <datafield tag="260" ind1=" " ind2=" ">
    <subfield code="a">Meerut</subfield>
    <subfield code="b">R.Lall</subfield>
  </datafield>
  <datafield tag="300" ind1=" " ind2=" ">
    <subfield code="a">256</subfield>
  </datafield>
  <datafield tag="942" ind1=" " ind2=" ">
    <subfield code="2">ddc</subfield>
    <subfield code="c">02</subfield>
  </datafield>
  <datafield tag="952" ind1=" " ind2=" ">
    <subfield code="0">0</subfield>
    <subfield code="1">0</subfield>
    <subfield code="2">ddc</subfield>
    <subfield code="4">0</subfield>
    <subfield code="7">0</subfield>
    <subfield code="a">05</subfield>
    <subfield code="b">05</subfield>
    <subfield code="d">2018-01-27</subfield>
    <subfield code="e">R.Lal Meerut</subfield>
    <subfield code="g">125.00</subfield>
    <subfield code="i">63671 FY/17-18  11/1/18</subfield>
    <subfield code="l">2</subfield>
    <subfield code="m">1</subfield>
    <subfield code="p">05-B-13662</subfield>
    <subfield code="q">2019-07-20</subfield>
    <subfield code="r">2018-09-05</subfield>
    <subfield code="s">2018-09-05</subfield>
    <subfield code="w">2018-01-27</subfield>
    <subfield code="y">02</subfield>
  </datafield>
  <datafield tag="952" ind1=" " ind2=" ">
    <subfield code="0">0</subfield>
    <subfield code="1">0</subfield>
    <subfield code="2">ddc</subfield>
    <subfield code="4">0</subfield>
    <subfield code="7">0</subfield>
    <subfield code="a">05</subfield>
    <subfield code="b">05</subfield>
    <subfield code="d">2018-01-27</subfield>
    <subfield code="e">R.Lal Meerut</subfield>
    <subfield code="g">125.00</subfield>
    <subfield code="i">63671 FY/17-18  11/1/18</subfield>
    <subfield code="l">6</subfield>
    <subfield code="p">05-B-13663</subfield>
    <subfield code="r">2024-07-09</subfield>
    <subfield code="s">2024-03-02</subfield>
    <subfield code="w">2018-01-27</subfield>
    <subfield code="y">02</subfield>
  </datafield>
  <datafield tag="952" ind1=" " ind2=" ">
    <subfield code="0">0</subfield>
    <subfield code="1">0</subfield>
    <subfield code="2">ddc</subfield>
    <subfield code="4">0</subfield>
    <subfield code="7">0</subfield>
    <subfield code="a">05</subfield>
    <subfield code="b">05</subfield>
    <subfield code="d">2018-01-27</subfield>
    <subfield code="e">R.Lal Meerut</subfield>
    <subfield code="g">125.00</subfield>
    <subfield code="i">63671 FY/17-18  11/1/18</subfield>
    <subfield code="l">6</subfield>
    <subfield code="p">05-B-13664</subfield>
    <subfield code="q">2026-08-15</subfield>
    <subfield code="r">2025-10-13</subfield>
    <subfield code="s">2025-10-13</subfield>
    <subfield code="w">2018-01-27</subfield>
    <subfield code="y">02</subfield>
  </datafield>
  <datafield tag="952" ind1=" " ind2=" ">
    <subfield code="0">0</subfield>
    <subfield code="1">0</subfield>
    <subfield code="2">ddc</subfield>
    <subfield code="4">0</subfield>
    <subfield code="7">0</subfield>
    <subfield code="a">05</subfield>
    <subfield code="b">05</subfield>
    <subfield code="d">2018-01-27</subfield>
    <subfield code="e">R.Lal Meerut</subfield>
    <subfield code="g">125.00</subfield>
    <subfield code="i">63671 FY/17-18  11/1/18</subfield>
    <subfield code="l">6</subfield>
    <subfield code="m">1</subfield>
    <subfield code="p">05-B-13665</subfield>
    <subfield code="q">2026-07-31</subfield>
    <subfield code="r">2026-03-20</subfield>
    <subfield code="s">2026-03-20</subfield>
    <subfield code="w">2018-01-27</subfield>
    <subfield code="y">02</subfield>
  </datafield>
  <datafield tag="952" ind1=" " ind2=" ">
    <subfield code="0">0</subfield>
    <subfield code="1">0</subfield>
    <subfield code="2">ddc</subfield>
    <subfield code="4">0</subfield>
    <subfield code="7">0</subfield>
    <subfield code="a">05</subfield>
    <subfield code="b">05</subfield>
    <subfield code="d">2018-01-27</subfield>
    <subfield code="e">R.Lal Meerut</subfield>
    <subfield code="g">125.00</subfield>
    <subfield code="i">63671 FY/17-18  11/1/18</subfield>
    <subfield code="l">3</subfield>
    <subfield code="m">1</subfield>
    <subfield code="p">05-B-13666</subfield>
    <subfield code="r">2022-07-27</subfield>
    <subfield code="s">2021-10-05</subfield>
    <subfield code="w">2018-01-27</subfield>
    <subfield code="y">02</subfield>
  </datafield>
  <datafield tag="952" ind1=" " ind2=" ">
    <subfield code="0">0</subfield>
    <subfield code="1">0</subfield>
    <subfield code="2">ddc</subfield>
    <subfield code="4">0</subfield>
    <subfield code="7">0</subfield>
    <subfield code="a">05</subfield>
    <subfield code="b">05</subfield>
    <subfield code="d">2018-01-27</subfield>
    <subfield code="e">R.Lal Meerut</subfield>
    <subfield code="g">125.00</subfield>
    <subfield code="i">63671 FY/17-18  11/1/18</subfield>
    <subfield code="l">6</subfield>
    <subfield code="p">05-B-13667</subfield>
    <subfield code="r">2023-06-12</subfield>
    <subfield code="s">2022-10-20</subfield>
    <subfield code="w">2018-01-27</subfield>
    <subfield code="y">02</subfield>
  </datafield>
  <datafield tag="952" ind1=" " ind2=" ">
    <subfield code="0">0</subfield>
    <subfield code="1">0</subfield>
    <subfield code="2">ddc</subfield>
    <subfield code="4">0</subfield>
    <subfield code="7">0</subfield>
    <subfield code="a">05</subfield>
    <subfield code="b">05</subfield>
    <subfield code="d">2018-01-27</subfield>
    <subfield code="e">R.Lal Meerut</subfield>
    <subfield code="g">125.00</subfield>
    <subfield code="i">63671 FY/17-18  11/1/18</subfield>
    <subfield code="l">4</subfield>
    <subfield code="p">05-B-13668</subfield>
    <subfield code="r">2022-07-29</subfield>
    <subfield code="s">2021-10-30</subfield>
    <subfield code="w">2018-01-27</subfield>
    <subfield code="y">02</subfield>
  </datafield>
  <datafield tag="952" ind1=" " ind2=" ">
    <subfield code="0">0</subfield>
    <subfield code="1">0</subfield>
    <subfield code="2">ddc</subfield>
    <subfield code="4">0</subfield>
    <subfield code="7">0</subfield>
    <subfield code="a">05</subfield>
    <subfield code="b">05</subfield>
    <subfield code="d">2018-01-27</subfield>
    <subfield code="e">R.Lal Meerut</subfield>
    <subfield code="g">125.00</subfield>
    <subfield code="i">63671 FY/17-18  11/1/18</subfield>
    <subfield code="l">6</subfield>
    <subfield code="p">05-B-13669</subfield>
    <subfield code="q">2026-08-15</subfield>
    <subfield code="r">2025-09-26</subfield>
    <subfield code="s">2025-09-26</subfield>
    <subfield code="w">2018-01-27</subfield>
    <subfield code="y">02</subfield>
  </datafield>
  <datafield tag="952" ind1=" " ind2=" ">
    <subfield code="0">0</subfield>
    <subfield code="1">0</subfield>
    <subfield code="2">ddc</subfield>
    <subfield code="4">0</subfield>
    <subfield code="7">0</subfield>
    <subfield code="a">05</subfield>
    <subfield code="b">05</subfield>
    <subfield code="d">2018-01-27</subfield>
    <subfield code="e">R.Lal Meerut</subfield>
    <subfield code="g">125.00</subfield>
    <subfield code="i">63671 FY/17-18  11/1/18</subfield>
    <subfield code="l">7</subfield>
    <subfield code="m">1</subfield>
    <subfield code="p">05-B-13670</subfield>
    <subfield code="q">2026-07-31</subfield>
    <subfield code="r">2026-04-16</subfield>
    <subfield code="s">2026-04-16</subfield>
    <subfield code="w">2018-01-27</subfield>
    <subfield code="y">02</subfield>
  </datafield>
  <datafield tag="952" ind1=" " ind2=" ">
    <subfield code="0">0</subfield>
    <subfield code="1">0</subfield>
    <subfield code="2">ddc</subfield>
    <subfield code="4">0</subfield>
    <subfield code="7">0</subfield>
    <subfield code="a">05</subfield>
    <subfield code="b">05</subfield>
    <subfield code="d">2018-01-27</subfield>
    <subfield code="e">R.Lal Meerut</subfield>
    <subfield code="g">125.00</subfield>
    <subfield code="i">63671 FY/17-18  11/1/18</subfield>
    <subfield code="l">3</subfield>
    <subfield code="m">1</subfield>
    <subfield code="p">05-B-13671</subfield>
    <subfield code="r">2021-07-30</subfield>
    <subfield code="s">2019-10-17</subfield>
    <subfield code="w">2018-01-27</subfield>
    <subfield code="y">02</subfield>
  </datafield>
</record>
